| 000 | 00826nam a22002777a 4500 | ||
|---|---|---|---|
| 001 | 0036542 | ||
| 003 | KOHA_MİRAKIL | ||
| 005 | 20260207003010.0 | ||
| 007 | ta | ||
| 008 | 120430b2007 tu |||gr||||#||||0|tur | | ||
| 020 | _a994409773X | ||
| 040 |
_aTR-BiSEU _btur _cTR-BiSEU _erda |
||
| 041 | 0 | _atur | |
| 044 | _ctu | ||
| 050 |
_aTA710.A2 _bU98 2007 |
||
| 100 | 1 | _aUzuner, Bayram Ali. | |
| 245 | 1 |
_aTemel Zemin Mekaniği : _bÇözümlü Problemlerle/ _cBayram Ali Uzuner ; Bayram Ali Uzuner. |
|
| 264 | 1 |
_aTrabzon : _bDerya Kitabevi _c2007 |
|
| 300 |
_a560 s. ; _c21 cm |
||
| 336 |
_ametin _btxt _2rdacontent |
||
| 337 |
_aaracısız _bn _2rdamedia |
||
| 338 |
_acilt _bnc _2rdacarrier |
||
| 650 | 0 |
_aZemin mekaniği. _91546 |
|
| 650 | 0 |
_aZemin mekaniği--Problemler, alıştırmalar, vb. _926480 |
|
| 942 |
_2lcc _cBK |
||
| 999 |
_c36434 _d36434 |
||